La administración basada en la contabilidad

Gorde:
Xehetasun bibliografikoak
Egile nagusia: Smith, Richard L (Egilea)
Formatua: Liburua
Hizkuntza:gaztelania
Argitaratua: Ciudad de México Continental 1967
Gaiak:
Etiketak: Etiketa erantsi
Etiketarik gabe, Izan zaitez lehena erregistro honi etiketa jartzen!

MARC

LEADER 00000nam a2200000 a 4500
001 UCQ0642
003 CL-VaPUC
008 980703e19670200MX |||||||||||||||||spa|d
082 0 4 |a 658.151  |b SMI  |2 21 
100 0 |a Smith, Richard L  |e author  |9 413880 
245 1 3 |a La administración basada en la contabilidad 
300 |a 551 p 
942 |c BK 
945 |d 19980703 00:00:00  |a cmena 
260 |a Ciudad de México  |b Continental  |c 1967 
650 0 |a Contabilidad   |9 261430 
650 0 |a Contabilidad de costos   |9 260564 
650 0 |a Costos   |9 261063 
650 0 |a Estados de cuentas  |9 352305 
650 0 |a Administración financiera  |9 261146 
650 7 |a PLANIFICACION Y CONTROL  |2 CL-VaPUC  |9 413881 
650 0 |a Control presupuestario  |9 345693 
650 0 |a Auditoría  |9 307008 
650 0 |a Toma de decisiones   |9 257530 
650 0 |a Precios   |9 260787 
583 |a last modification  |c 19980703 00:00:00  |k Rodrigo Vera 
999 |c 271680  |d 271678 
952 |0 0  |1 0  |4 0  |6 658_151000000000000_SMI_1967  |7 0  |8 A  |9 306412  |a BIBGIM  |b BIBGIM  |d 2019-11-20  |i 1428667  |o 658.151 SMI 1967  |p 1428667  |r 2025-01-15  |w 2019-11-20  |y BK  |k COM